000 00414nam a2200181Ia 4500
001 19779
005 20260306172718.0
008 260306t2007||||xx |||||||||||||| ||spa||
041 _aESP
082 _a341.1
_bD296
100 _aDworkin, Ronald
_eAUT
245 0 _aLa justicia con toga
260 _c2007
300 _a290 páginas :
_c24 cm.
650 _aGEN
654 _aCDE
942 _cLIB
_dJUS
_fJUS
_2ddc
_n
999 _c19779
_d19779